000167601 001__ 167601 000167601 005__ 20260121151439.0 000167601 037__ $$aTAZ-TFG-2024-1213 000167601 041__ $$aspa 000167601 1001_ $$aJOAQUÍN QUÍLEZ CUTILLAS 000167601 24200 $$aDeep Vein Thrombosis: A Literature Review 000167601 24500 $$aTROMBOSIS VENOSA PROFUNDA. REVISION BIBLIOGRAFICA 000167601 260__ $$aZaragoza$$bUniversidad de Zaragoza$$c2024 000167601 506__ $$aby-nc-sa$$bCreative Commons$$c3.0$$uhttp://creativecommons.org/licenses/by-nc-sa/3.0/ 000167601 520__ $$aLa enfermedad tromboembólica venosa es una entidad clínica caracterizada por la formación <br />de trombos de plaquetas y fibrina en el interior de los vasos venosos, puede afectar a cualquier vena <br />del sistema circulatorio siendo causa de distintas patologías y de una importante morbi-mortalidad, <br />representa un gran impacto clínico, social y económico. Siendo lo anteriormente mencionado <br />justificación del estudio realizado.<br /><br /><br /><br /> 000167601 521__ $$aGraduado en Medicina 000167601 540__ $$aDerechos regulados por licencia Creative Commons 000167601 691__ $$a0 000167601 692__ $$a 000167601 700__ $$aARACELI JIMENO SAINZ$$edir. 000167601 7102_ $$aUniversidad de Zaragoza$$bMedicina, Psiquiatría y Dermatología$$cMedicina 000167601 8560_ $$f792579@unizar.es 000167601 8564_ $$s1098058$$uhttps://zaguan.unizar.es/record/167601/files/TAZ-TFG-2024-1213.pdf$$yMemoria (spa) 000167601 909CO $$ooai:zaguan.unizar.es:167601$$pdriver$$ptrabajos-fin-grado 000167601 950__ $$a 000167601 951__ $$adeposita:2026-01-21 000167601 980__ $$aTAZ$$bTFG$$cEUCS 000167601 999__ $$a20240526220009.CREATION_DATE